| 000 | 01833nam a2200409 c 4500 | ||
|---|---|---|---|
| 001 | 21244 | ||
| 003 | ES-MaCES | ||
| 005 | 20141221122720.0 | ||
| 008 | 080626s2007 sp db t o000 | spa d | ||
| 017 |
_aM 37476-2007 _bDL |
||
| 020 | _a9788495912374 | ||
| 024 | 7 |
_a326-07-020-7 _2nipo |
|
| 035 | _aCES20080006365m | ||
| 040 |
_aES-MaCES _bspa _cES-MaCES |
||
| 100 | 1 |
_aMhartín y Guix, Enrique _918543 |
|
| 245 | 1 | 0 |
_aManual del empleado (1905) _cpor Enrique Mhartín y Guix ; estudio preliminar, prólogo y notas, Manuel Martínez Bargueño |
| 246 | 3 | _aManual del empleado, consultor de los funcionarios civiles del Estado, de la provincia y del municipio | |
| 250 | _a1ª ed | ||
| 260 |
_aMadrid _bMinisterio de Administraciones Públicas _c2007 |
||
| 300 |
_a76, 414, [2] p. _c23 cm |
||
| 500 | _aIncluye un estudio preliminar sobre Enrique Mhartín y Guix, que contiene además su hoja de servicios administrativos y el catálogo general de sus obras publicadas | ||
| 500 | _aReprod. facsímil de la 9ª ed. reformada y ampl. de: Manual del Empleado : consultor de los funcionarios civiles del Estado, de la provincia y del municipio / escrita por Enrique Mhartín y Guix | ||
| 500 | _aMadrid : Librería Editorial de Bailly-Bailliere é hijos, 1905 | ||
| 541 | _cGratuito | ||
| 600 | 1 | 4 |
_aMhartín y Guix, Enrique _918543 |
| 650 | 4 |
_aadministración pública _927214 |
|
| 650 | 4 |
_afunción pública _927225 |
|
| 650 | 4 |
_afuncionario _927224 |
|
| 650 | 4 |
_aEspaña _926964 |
|
| 650 | 4 |
_ahistoria _927251 |
|
| 653 | 1 | 0 | _aAdministración-Instituciones públicas |
| 700 | 1 |
_aMartínez Bargueño, Manuel _eed. lit. _917774 |
|
| 710 | 1 |
_aEspaña _bMinisterio para las Administraciones Públicas _eed. _93278 |
|
| 902 | _aLIB Libro | ||
| 942 |
_2CES _cBK _h6.3. |
||
| 999 |
_c21244 _d21244 |
||